ბათუმის შოთა რუსთაველის სახელმწიფო უნივერსიტეტის ბიბლიოთეკა

მარადისობა : (ბიბ.ჩანაწერი № 39658)

000 -ლიდერი
ფიქსირებული სიგრძის საკონტროლო ველი 00789nam a2200217Ia 4500
001 - საკონტროლო ნომერი
საკონტროლო ველი 6259
003 - საკონტროლო ნომრის იდენტიფიკატორი
საკონტროლო ველი GE_BSU
005 - ბოლო ოპერაციის თარიღი და დრო
საკონტროლო ველი 20190930125246.0
008 - ფიქსირებული სიგრძის მონაცემთა ელემენტები - ზოგადი ინფორმაცია
ფიქსირებული სიგრძის საკონტროლო ველი 181216s1978||||ge |||||||||||||| ||geo||
040 ## - კატალოგიზაციის წყარო
Transcribing agency GE_BSU
041 ## - ენის კოდი
Language code of text/sound track or separate title geo
080 ## - უნივერსალური ათობითი კლასიფიკაციის ინდექსი
Universal Decimal Classification number 821.353.1-11 ბ-16
100 ## - მთავარი ჩანაწერი - პიროვნების სახელი
Personal name ბაზაძე, ირაკლი
9 (RLIN) 4386
245 ## - ცნობა სათაურის შესახებ
Title მარადისობა :
Remainder of title პოემა /
Statement of responsibility, etc ირაკლი ბაზაძე ; რედ. გრიგოლ ჯულუხიძე.
264 ## - წარმოების, გამოცემის, დისტრიბუციის და სხვა ცნობები
გამოცემის, წარმოების, დისტრიბუციის... ადგილი თბილისი :
გამოცემის, წარმოების, დისტრიბუციის... სახელწოდება მერანი ;
გამოცემის, წარმოების, დისტრიბუციის... თარიღი 1978.
300 ## - ფიზიკური აღწერა
Extent 48გვ. ;
Dimensions 17 სმ.
653 ## - INDEX TERM--UNCONTROLLED
Uncontrolled term მარადისობა
653 ## - INDEX TERM--UNCONTROLLED
Uncontrolled term პოემა
700 ## - ADDED ENTRY--PERSONAL NAME
Personal name ჯულუხიძე, გრიგოლ
Relator term რედაქტორი
9 (RLIN) 4387
942 ## - ADDED ENTRY ELEMENTS (KOHA)
Koha item type წიგნი
Source of classification or shelving scheme
ეგზემპლარები
ჩამოწერის სტატუსი დაკარგული ეგზემპლარის სტატუსი კლასიფიკაციის წყარო ან თაროზე გაწყობის სქემა დაზიანების სტატუსი არ გაიცემა მუდმივი მდებარეობა (დაცვის ადგილი) ამჟამინდელი ადგილსამყოფელი თაროზე განთავსების ადგილი შეძენის თარიღი ღირებულება, შესყიდვის ნორმალური ფასი სრული შენახვის შიფრი შტრიხკოდი ბოლო ოპერაციის თარიღი ეგზემპლარის მიმდევრობითი ნომერი (კეტერი?) ფასის ძალაში შესვლის თარიღი ეგზემპლარის სახეობა საჯარო შენიშვნა
                2018-12-17     13928 2018-12-17   2018-12-17 წიგნი  
                2018-12-17     13929 2018-12-17   2018-12-17 წიგნი  
          ბათუმის შოთა რუსთაველის სახელმწიფო უნივერსიტეტის მთავარი ბიბლიოთეკა ბათუმის შოთა რუსთაველის სახელმწიფო უნივერსიტეტის მთავარი ბიბლიოთეკა წიგნსაცავი 2018-12-17 0.40 821.353.1-11 ბ-16 13927 2018-12-17 13927 2018-12-17 წიგნი 0.40 ლ.